| 000 | 00970nam a2200265Ia 4500 | ||
|---|---|---|---|
| 003 | OSt | ||
| 005 | 20221005112018.0 | ||
| 006 | a|||||r|||| 00| 0 | ||
| 007 | ta | ||
| 008 | 221004b |||||||| |||| 00| 0 san d | ||
| 020 |
_a9789381189337 (hbk) _c750 |
||
| 024 | _a22508 | ||
| 037 |
_b63, 27/01/2015, Motilal Banarsidass Publishers Pvt. Ltd. _cTextual |
||
| 040 |
_aCRL _cCRL _bsan |
||
| 041 |
_2san _asan |
||
| 082 | _aQ131:24, 152Q4 | ||
| 100 | _aबाबू जालिम सिंह | ||
| 245 | 0 | _aछान्दोग्योपनिषत् | |
| 246 | _aChhāndogyopaniṣhat | ||
| 260 |
_aवाराणसी _bभारतीय विद्या संस्थान भारत _c2014 |
||
| 300 |
_a514पृ0 _ccm. |
||
| 650 | _aधर्म | ||
| 942 |
_hQ131:24, 152Q4 _cTEXL _2cc |
||
| 999 |
_c1023557 _d1023557 |
||